[Event "Quebec op"]
[Site "Montreal CAN"]
[Date "1999.07.24"]
[Round "1"]
[White "Lazarev, Vladimir"]
[Black "Zugic, Igor"]
[Result "1-0"]
[WhiteElo "2501"]
[BlackElo "2406"]
[PlyCount "69"]
[GameId "2160767911742781"]
[EventDate "1999.07.24"]
[EventType "swiss"]
[EventRounds "9"]
[EventCountry "CAN"]
[SourceTitle "EXT 2000"]
[Source "ChessBase"]
[SourceDate "1999.11.18"]
[SourceVersion "1"]
[SourceVersionDate "1999.11.18"]
[SourceQuality "1"]

1. d4 Nf6 2. c4 g6 3. Nc3 d5 4. Nf3 Bg7 5. Qb3 dxc4 6. Qxc4 O-O 7. e4 Nfd7 8. Be3 Nb6 9. Qb3 Bg4 10. Rd1 e6 11. Be2 Nc6 12. e5 Ne7 13. h3 Bxf3 14. Bxf3 Nf5 15. Ne4 Nxe3 16. fxe3 Nd5 17. h4 h5 18. g4 hxg4 19. Bxg4 Bh6 20. h5 g5 21. O-O Kg7 22. Rf3 b6 23. Rdf1 Qd7 24. Qc2 Nxe3 25. Rxe3 Qxd4 26. Rff3 Rad8 27. Kg2 Rd5 28. Nf6 Qd2+ 29. Rf2 Qxc2 30. Rxc2 Rxe5 31. Rxe5 Kxf6 32. Re4 c5 33. b4 Ke7 34. Rce2 cxb4 35. Bxe6 1-0

[Event "Quebec op"]
[Site "Montreal CAN"]
[Date "1999.07.24"]
[Round "1"]
[White "Michoura, Mikhail"]
[Black "Schleifer, Michael"]
[Result "0-1"]
[WhiteElo "2121"]
[BlackElo "2432"]
[PlyCount "158"]
[GameId "2160767911742783"]
[EventDate "1999.07.24"]
[EventType "swiss"]
[EventRounds "9"]
[EventCountry "CAN"]

1. e4 c5 2. Nf3 d6 3. d4 cxd4 4. Nxd4 Nf6 5. Nc3 Nc6 6. Bc4 e6 7. Bg5 Be7 8. f4 h6 9. Bxf6 Bxf6 10. Ndb5 Bh4+ 11. g3 Be7 12. Qg4 O-O 13. O-O-O Na5 14. Be2 Qb6 15. Qh5 a6 16. Nd4 Nc6 17. Nb3 Qe3+ 18. Kb1 b5 19. Rd3 Qf2 20. Rf1 Qb6 21. g4 b4 22. Na4 Qb5 23. Qxb5 axb5 24. Nb6 Rb8 25. Nxc8 Rfxc8 26. Rh3 Bf8 27. Rh5 Na7 28. Rg1 g6 29. Rh3 g5 30. Rf1 gxf4 31. Rxf4 Bg7 32. Rh5 Rc7 33. Bd3 Rcb7 34. Na5 Rb6 35. g5 hxg5 36. Rxg5 Kf8 37. Rfg4 Be5 38. Rg8+ Ke7 39. h4 Rf8 40. h5 Rbb8 41. Rxf8 Rxf8 42. Nb3 Rh8 43. Rh4 Rg8 44. Rh1 Rg4 45. Nd2 Bf4 46. Nf3 Bh6 47. a3 bxa3 48. bxa3 Rf4 49. Nd4 Rg4 50. Nxb5 Nxb5 51. Bxb5 Rxe4 52. a4 d5 53. Kb2 Kd6 54. Ka3 Kc5 55. Bd3 Rb4 56. a5 e5 57. a6 Rb8 58. Rf1 Bf4 59. c3 d4 60. cxd4+ Kxd4 61. Rb1 Ra8 62. Bf1 f5 63. Rb6 e4 64. h6 Be5 65. h7 f4 66. Kb4 f3 67. Rb7 e3 68. Rd7+ Ke4 69. Bb5 e2 70. Bc6+ Ke3 71. Bxa8 e1=Q+ 72. Kb5 f2 73. Bg2 f1=Q+ 74. Bxf1 Qxf1+ 75. Kb6 Qf6+ 76. Kb7 Qf3+ 77. Kb6 Qa8 78. Re7 Qd8+ 79. Kc6 Qxe7 0-1

[Event "Quebec op"]
[Site "Montreal CAN"]
[Date "1999.07.24"]
[Round "1"]
[White "Mikanovic, Goran"]
[Black "Kalinin, Alexander"]
[Result "1/2-1/2"]
[WhiteElo "2310"]
[BlackElo "2425"]
[PlyCount "82"]
[GameId "2160767911742784"]
[EventDate "1999.07.24"]
[EventType "swiss"]
[EventRounds "9"]
[EventCountry "CAN"]
[SourceTitle "EXT 2000"]
[Source "ChessBase"]
[SourceDate "1999.11.18"]
[SourceVersion "1"]
[SourceVersionDate "1999.11.18"]
[SourceQuality "1"]

1. d4 Nf6 2. c4 e6 3. Nc3 Bb4 4. Qc2 O-O 5. a3 Bxc3+ 6. Qxc3 b6 7. Bg5 Bb7 8. f3 d5 9. e3 Nbd7 10. cxd5 exd5 11. Bd3 c5 12. Ne2 Qe7 13. Ng3 cxd4 14. Qxd4 Ne5 15. O-O Nxd3 16. Qxd3 Qe5 17. Bf4 Qe6 18. Qd4 Rac8 19. Rac1 Nd7 20. Rfd1 Nc5 21. Qe5 Rfe8 22. Qxe6 fxe6 23. Be5 Nd7 24. Rxc8 Rxc8 25. Bc3 Nf6 26. Ne2 Kf7 27. Nf4 Ba6 28. Nd3 Bxd3 29. Rxd3 Rc4 30. Kf2 h5 31. Ke2 g5 32. h3 h4 33. Kd2 Ke7 34. b3 Rc8 35. Bxf6+ Kxf6 36. Rd4 Rc5 37. f4 gxf4 38. Rxf4+ Kg5 39. Rg4+ Kh5 40. Rg7 Ra5 41. a4 b5 1/2-1/2

[Event "Quebec op"]
[Site "Montreal CAN"]
[Date "1999.07.24"]
[Round "1"]
[White "Nogueiras, Jesus"]
[Black "Ross, Dave"]
[Result "1-0"]
[WhiteElo "2559"]
[BlackElo "2345"]
[PlyCount "55"]
[GameId "2160767911742785"]
[EventDate "1999.07.24"]
[EventType "swiss"]
[EventRounds "9"]
[EventCountry "CAN"]
[SourceTitle "EXT 2000"]
[Source "ChessBase"]
[SourceDate "1999.11.18"]
[SourceVersion "1"]
[SourceVersionDate "1999.11.18"]
[SourceQuality "1"]

1. Nf3 d5 2. d4 Nf6 3. c4 dxc4 4. e3 e6 5. Bxc4 c5 6. O-O a6 7. Bb3 Nc6 8. Nc3 cxd4 9. exd4 Na5 10. Bg5 Be7 11. Re1 O-O 12. Bc2 b5 13. Ne5 Bb7 14. Re3 g6 15. Rg3 b4 16. Na4 Nc6 17. Nc5 Qxd4 18. Bxf6 Bxf6 19. Ned7 Bh4 20. Nxb7 Bxg3 21. hxg3 Rfc8 22. Ba4 Rc7 23. Nbc5 Qxb2 24. Rb1 Qd4 25. Qe2 Raa7 26. Rd1 Qc3 27. Ne4 Rxd7 28. Nxc3 1-0

[Event "Quebec op"]
[Site "Montreal CAN"]
[Date "1999.07.24"]
[Round "1"]
[White "Prahov, Valentin"]
[Black "Hua, Lefong"]
[Result "1/2-1/2"]
[WhiteElo "2234"]
[BlackElo "2246"]
[PlyCount "75"]
[GameId "2160767911742786"]
[EventDate "1999.07.24"]
[EventType "swiss"]
[EventRounds "9"]
[EventCountry "CAN"]
[SourceTitle "EXT 2000"]
[Source "ChessBase"]
[SourceDate "1999.11.18"]
[SourceVersion "1"]
[SourceVersionDate "1999.11.18"]
[SourceQuality "1"]

1. e4 c5 2. Nf3 e6 3. d4 cxd4 4. Nxd4 a6 5. Bd3 Nf6 6. O-O Qc7 7. Be3 Bc5 8. Nc3 d6 9. Qe2 O-O 10. Rae1 b5 11. a3 Bb7 12. h3 Nc6 13. Nxc6 Bxe3 14. Qxe3 Qxc6 15. f4 Nd7 16. Re2 Qb6 17. Rd1 Rac8 18. Qxb6 Nxb6 19. Red2 d5 20. exd5 Nxd5 21. Nxd5 Bxd5 22. a4 Bc4 23. axb5 Bxd3 24. Rxd3 axb5 25. c3 g6 26. Kf2 Kg7 27. Rd7 Rc4 28. R1d4 Rfc8 29. Ke3 Kf6 30. g3 h6 31. Rb7 Rxd4 32. cxd4 Rc2 33. Rxb5 Rh2 34. h4 Rg2 35. Kf3 Rd2 36. Ke4 Re2+ 37. Kf3 Rd2 38. Ke4 1/2-1/2

[Event "Quebec op"]
[Site "Montreal CAN"]
[Date "1999.07.24"]
[Round "1"]
[White "Wenaas, Eric"]
[Black "Bolduc, Steve"]
[Result "0-1"]
[WhiteElo "2276"]
[BlackElo "2172"]
[PlyCount "88"]
[GameId "2160767911742787"]
[EventDate "1999.07.24"]
[EventType "swiss"]
[EventRounds "9"]
[EventCountry "CAN"]
[SourceTitle "hb 2011"]

1. c4 Nf6 2. Nc3 g6 3. Nf3 Bg7 4. g3 O-O 5. Bg2 d6 6. O-O c6 7. d3 d5 8. cxd5 Nxd5 9. Bd2 Na6 10. Rc1 h6 11. a3 Be6 12. Qc2 Rc8 13. b4 Nac7 14. Ne4 b6 15. Qb1 Nb5 16. a4 Nf4 17. axb5 Nxe2+ 18. Kh1 Nxc1 19. Rxc1 cxb5 20. h4 Rxc1+ 21. Bxc1 Qd7 22. Bf4 Rd8 23. Ne1 f5 24. Nd2 Qd4 25. Be3 Qc3 26. Ndf3 Qb2 27. Qxb2 Bxb2 28. Bd2 Bd5 29. Kg1 Ra8 30. Nc2 a5 31. Nfd4 Bxg2 32. Kxg2 a4 33. Nxb5 a3 34. Bc3 Bxc3 35. Nxc3 Rc8 36. Nxa3 Rxc3 37. Nc4 b5 38. Ne5 Rb3 39. Nxg6 e6 40. Ne7+ Kf7 41. Nc6 Ke8 42. Nd4 Rxb4 43. Nxe6 Kf7 44. Nf4 Rxf4 0-1

[Event "Quebec op"]
[Site "Montreal CAN"]
[Date "1999.07.25"]
[Round "2"]
[White "Duong, Thanh Nha"]
[Black "Nogueiras, Jesus"]
[Result "1/2-1/2"]
[WhiteElo "2332"]
[BlackElo "2559"]
[PlyCount "74"]
[GameId "2160767911742790"]
[EventDate "1999.07.24"]
[EventType "swiss"]
[EventRounds "9"]
[EventCountry "CAN"]
[SourceTitle "EXT 2000"]
[Source "ChessBase"]
[SourceDate "1999.11.18"]
[SourceVersion "1"]
[SourceVersionDate "1999.11.18"]
[SourceQuality "1"]

1. c4 e6 2. d4 Nf6 3. Nf3 d5 4. Bg5 h6 5. Bxf6 Qxf6 6. e3 c6 7. Bd3 Nd7 8. Nc3 Qd8 9. O-O Be7 10. Rc1 O-O 11. Qc2 a6 12. Rfd1 b5 13. cxd5 cxd5 14. e4 b4 15. Ne2 Bb7 16. e5 Rc8 17. Qd2 Qb6 18. Nf4 Rfd8 19. Nh5 Rxc1 20. Rxc1 Rc8 21. Rxc8+ Bxc8 22. Qc2 Bb7 23. h4 a5 24. Nf4 Qc6 25. Qxc6 Bxc6 26. Kf1 Nb6 27. b3 Nc8 28. Ke1 Na7 29. Kd2 Nb5 30. Bxb5 Bxb5 31. Nd3 Kf8 32. g3 Ke8 33. Nfe1 Kd7 34. Nc2 Kc7 35. Ne3 Be8 36. f4 Kc6 37. f5 exf5 1/2-1/2

[Event "Quebec op"]
[Site "Montreal CAN"]
[Date "1999.07.25"]
[Round "2"]
[White "Glinert, Stephen"]
[Black "Spraggett, Grant"]
[Result "1-0"]
[WhiteElo "2191"]
[BlackElo "2334"]
[PlyCount "64"]
[GameId "2160767911742791"]
[EventDate "1999.07.24"]
[EventType "swiss"]
[EventRounds "9"]
[EventCountry "CAN"]
[SourceTitle "EXT 2000"]
[Source "ChessBase"]
[SourceDate "1999.11.18"]
[SourceVersion "1"]
[SourceVersionDate "1999.11.18"]
[SourceQuality "1"]

1. e4 c6 2. d4 d5 3. exd5 cxd5 4. c4 Nf6 5. Nc3 Nc6 6. Bg5 dxc4 7. d5 Ne5 8. Bxc4 Nxc4 9. Qa4+ Bd7 10. Qxc4 g6 11. Nf3 Bg7 12. O-O O-O 13. Rfe1 h6 14. Bf4 Rc8 15. Qb3 b5 16. Rad1 Rc4 17. d6 e6 18. Be3 a5 19. Ne5 a4 20. Qc2 Rc8 21. Qd3 b4 22. Ne4 Nd5 23. Bd4 Bc6 24. Nxc6 Rxc6 25. Bxg7 Kxg7 26. Qd4+ Kh7 27. Qe5 h5 28. Rc1 Qc8 29. Qg5 f6 30. Qd2 Qd7 31. Nc5 Qxd6 32. Rxe6 Qc7 1-0

[Event "Quebec op"]
[Site "Montreal CAN"]
[Date "1999.07.25"]
[Round "2"]
[White "Goldenberg, Danny"]
[Black "St Amand, Paul Jr"]
[Result "1-0"]
[WhiteElo "2234"]
[BlackElo "2160"]
[PlyCount "65"]
[GameId "2160767911742792"]
[EventDate "1999.07.24"]
[EventType "swiss"]
[EventRounds "9"]
[EventCountry "CAN"]
[SourceTitle "EXT 2000"]
[Source "ChessBase"]
[SourceDate "1999.11.18"]
[SourceVersion "1"]
[SourceVersionDate "1999.11.18"]
[SourceQuality "1"]

1. e4 c5 2. Nf3 d6 3. d4 cxd4 4. Nxd4 Nf6 5. Nc3 a6 6. Bg5 e6 7. Qd2 Nc6 8. O-O-O Bd7 9. f4 b5 10. Qe1 Nxd4 11. Rxd4 Be7 12. e5 dxe5 13. fxe5 Nd5 14. Bxe7 Nxe7 15. Bd3 Qb6 16. Rg4 Ng6 17. Qg3 O-O-O 18. Ne4 Rhf8 19. Rf1 Be8 20. h4 Rd5 21. Rg5 Kb8 22. Nc3 Rc5 23. h5 Ne7 24. Rxg7 h6 25. Ne4 Nf5 26. Rxf5 exf5 27. Nxc5 Qxc5 28. Bxf5 Qg1+ 29. Kd2 Bc6 30. e6+ Ka8 31. Rxf7 Qd4+ 32. Bd3 Qb4+ 33. Kd1 1-0

[Event "Quebec op"]
[Site "Montreal CAN"]
[Date "1999.07.25"]
[Round "2"]
[White "Grondin, Jean-Philippe"]
[Black "Bannon, Eric"]
[Result "1/2-1/2"]
[WhiteElo "2136"]
[BlackElo "2028"]
[PlyCount "54"]
[GameId "2160767911742793"]
[EventDate "1999.07.24"]
[EventType "swiss"]
[EventRounds "9"]
[EventCountry "CAN"]

1. e4 c5 2. Nf3 Nc6 3. d4 cxd4 4. Nxd4 g6 5. Nc3 Bg7 6. Be3 Nf6 7. Bc4 Qa5 8. O-O O-O 9. a3 d6 10. b4 Qc7 11. Ncb5 Qb8 12. f3 Ne5 13. Bb3 a6 14. Nc3 Qc7 15. Nd5 Nxd5 16. Bxd5 e6 17. Bb3 Nc4 18. Bxc4 Qxc4 19. Qd3 Qxd3 20. cxd3 Bd7 21. Rac1 Rfc8 22. Kf2 Ba4 23. Rc4 Bb5 24. Nxb5 axb5 25. Rxc8+ Rxc8 26. Rc1 Rxc1 27. Bxc1 Bd4+ 1/2-1/2

[Event "Quebec op"]
[Site "Montreal CAN"]
[Date "1999.07.25"]
[Round "2"]
[White "Hebert, Jean"]
[Black "Linskiy, Oleg"]
[Result "1/2-1/2"]
[WhiteElo "2454"]
[BlackElo "2385"]
[PlyCount "25"]
[GameId "2160767911742794"]
[EventDate "1999.07.24"]
[EventType "swiss"]
[EventRounds "9"]
[EventCountry "CAN"]
[SourceTitle "EXT 2000"]
[Source "ChessBase"]
[SourceDate "1999.11.18"]
[SourceVersion "1"]
[SourceVersionDate "1999.11.18"]
[SourceQuality "1"]

1. Nf3 f5 2. g3 Nf6 3. Bg2 g6 4. c4 Bg7 5. Nc3 O-O 6. d4 d6 7. d5 c6 8. Nd4 Bd7 9. Qb3 Qb6 10. c5 dxc5 11. dxc6+ Qxb3 12. Nxb3 Bxc6 13. Bxc6 1/2-1/2

[Event "Quebec op"]
[Site "Montreal CAN"]
[Date "1999.07.25"]
[Round "2"]
[White "Henson, Joshua"]
[Black "Wenaas, Eric"]
[Result "0-1"]
[WhiteElo "2038"]
[BlackElo "2156"]
[PlyCount "74"]
[GameId "2160767911742795"]
[EventDate "1999.07.24"]
[EventType "swiss"]
[EventRounds "9"]
[EventCountry "CAN"]
[SourceTitle "EXT 2000"]
[Source "ChessBase"]
[SourceDate "1999.11.18"]
[SourceVersion "1"]
[SourceVersionDate "1999.11.18"]
[SourceQuality "1"]

1. e4 e5 2. Nf3 Nc6 3. Bb5 a6 4. Bxc6 dxc6 5. O-O f6 6. d4 exd4 7. Qxd4 Qxd4 8. Nxd4 Bd6 9. Be3 Ne7 10. f4 c5 11. Nb3 b6 12. Nc3 Be6 13. a4 O-O-O 14. Rad1 c4 15. Nd4 Bg4 16. Nde2 Bb4 17. Rxd8+ Rxd8 18. h3 Bxe2 19. Nxe2 Bd2 20. Kf2 Nc6 21. Kf3 Nb4 22. c3 Rd3 23. cxb4 Rxe3+ 24. Kf2 Rxe4 25. g3 Bxb4 26. Kf3 Re8 27. Rc1 Bc5 28. Nc3 Re3+ 29. Kg4 c6 30. h4 Bd4 31. Nb1 b5 32. axb5 axb5 33. Rc2 Re1 34. Nd2 Re2 35. Kf3 Rf2+ 36. Ke4 c5 37. h5 b4 0-1

[Event "Quebec op"]
[Site "Montreal CAN"]
[Date "1999.07.25"]
[Round "2"]
[White "Hua, Lefong"]
[Black "Larochelle, Martial"]
[Result "1-0"]
[WhiteElo "2246"]
[BlackElo "2260"]
[PlyCount "87"]
[GameId "2160767911742796"]
[EventDate "1999.07.24"]
[EventType "swiss"]
[EventRounds "9"]
[EventCountry "CAN"]

1. c4 e5 2. g3 Nf6 3. Bg2 d5 4. cxd5 Nxd5 5. Nc3 Nb6 6. Nf3 Nc6 7. d3 Be7 8. O-O O-O 9. Be3 Be6 10. Rc1 f5 11. a3 Bf6 12. Bc5 Rf7 13. b4 Rd7 14. b5 Nd4 15. Bxd4 exd4 16. Na4 Nxa4 17. Qxa4 a6 18. Nd2 axb5 19. Qxb5 c6 20. Qb2 Qa5 21. Ra1 Qc3 22. Rfb1 Be7 23. a4 Ra5 24. Nb3 Re5 25. f4 Re3 26. Qxc3 dxc3 27. Kf2 Bxb3 28. Kxe3 Bc5+ 29. Kf3 Bf7 30. h3 Rd4 31. g4 b6 32. Kg3 c2 33. Rb2 Rxa4 34. Rc1 Ba3 35. Rcxc2 Bxb2 36. Rxb2 fxg4 37. Bxc6 Rd4 38. hxg4 h5 39. Rxb6 hxg4 40. Rb8+ Kh7 41. Be4+ g6 42. Rb7 Kg7 43. Kxg4 Kf6 44. Rb6+ 1-0

[Event "Quebec op"]
[Site "Montreal CAN"]
[Date "1999.07.25"]
[Round "2"]
[White "Laurain, Guy"]
[Black "Langen, Roger"]
[Result "1-0"]
[WhiteElo "2082"]
[BlackElo "2064"]
[PlyCount "45"]
[GameId "2160767911742797"]
[EventDate "1999.07.24"]
[EventType "swiss"]
[EventRounds "9"]
[EventCountry "CAN"]

1. d4 Nf6 2. c4 e5 3. dxe5 Ng4 4. Nc3 Nc6 5. Nf3 Bc5 6. e3 O-O 7. Be2 Ncxe5 8. O-O Nxf3+ 9. Bxf3 Ne5 10. Be2 Re8 11. b3 a5 12. Nd5 Bf8 13. Bb2 Ra6 14. e4 Rh6 15. g3 d6 16. f4 Nc6 17. Bf3 g5 18. Bh5 g4 19. Bxg4 Bxg4 20. Qxg4+ Rg6 21. Qf3 Bg7 22. Bxg7 Rxg7 23. Rad1 1-0

[Event "Quebec op"]
[Site "Montreal CAN"]
[Date "1999.07.25"]
[Round "2"]
[White "Mikanovic, Goran"]
[Black "Burnett, Ronald"]
[Result "0-1"]
[WhiteElo "2310"]
[BlackElo "2423"]
[PlyCount "60"]
[GameId "2160767911742800"]
[EventDate "1999.07.24"]
[EventType "swiss"]
[EventRounds "9"]
[EventCountry "CAN"]
[SourceTitle "EXT 2000"]
[Source "ChessBase"]
[SourceDate "1999.11.18"]
[SourceVersion "1"]
[SourceVersionDate "1999.11.18"]
[SourceQuality "1"]

1. d4 b6 2. c4 Bb7 3. Nc3 e6 4. e4 Bb4 5. Bd3 f5 6. d5 fxe4 7. Bxe4 Qh4 8. Qe2 Nf6 9. Bf3 Ba6 10. dxe6 Bxc4 11. Bg5 Bxe2 12. Bxh4 Bxf3 13. Nxf3 Bxc3+ 14. bxc3 dxe6 15. O-O-O Nbd7 16. Rhe1 Nc5 17. Nd4 O-O-O 18. Nxe6 Nd3+ 19. Kb1 Nxe1 20. Nxd8 Nxg2 21. Bxf6 gxf6 22. Nc6 Kb7 23. Nd8+ Kc8 24. Nc6 a6 25. Ne7+ Kb7 26. Rd7 h5 27. c4 Rh7 28. Kc2 Nf4 29. Nd5 Rxd7 30. Nxf4 Rd4 0-1

[Event "Quebec op"]
[Site "Montreal CAN"]
[Date "1999.07.25"]
[Round "2"]
[White "Reddy, Tyler"]
[Black "Michoura, Mikhail"]
[Result "0-1"]
[WhiteElo "2168"]
[BlackElo "2121"]
[PlyCount "56"]
[GameId "2160767911742801"]
[EventDate "1999.07.24"]
[EventType "swiss"]
[EventRounds "9"]
[EventCountry "CAN"]

1. c4 e5 2. g3 Nc6 3. Bg2 Bc5 4. e3 d6 5. Ne2 Bg4 6. Nbc3 Nf6 7. O-O Qd7 8. b3 a6 9. f3 Bh3 10. Bxh3 Qxh3 11. Nd5 Nxd5 12. cxd5 Nb4 13. d4 exd4 14. exd4 Bb6 15. Nf4 Qf5 16. a3 Nc2 17. g4 Qf6 18. Qxc2 Bxd4+ 19. Kg2 Bxa1 20. Qxc7 O-O 21. Nh5 Qc3 22. Qe7 Rae8 23. Qxd6 Qc2+ 24. Rf2 Qxc1 25. Qd7 Bd4 26. Qf5 Bxf2 27. d6 Qg1+ 28. Kh3 Qf1# 0-1

[Event "Quebec op"]
[Site "Montreal CAN"]
[Date "1999.07.25"]
[Round "2"]
[White "Regnier, Alain"]
[Black "Baiguildine, Ilias"]
[Result "1-0"]
[WhiteElo "2153"]
[BlackElo "2331"]
[PlyCount "61"]
[GameId "2160767911742802"]
[EventDate "1999.07.24"]
[EventType "swiss"]
[EventRounds "9"]
[EventCountry "CAN"]

1. e4 c6 2. d4 d5 3. e5 Bf5 4. Nc3 e6 5. g4 Bg6 6. h4 h5 7. Bd3 Bxd3 8. Qxd3 hxg4 9. Qg3 Ne7 10. Bg5 Nf5 11. Qxg4 Qb6 12. O-O-O c5 13. dxc5 Bxc5 14. Nxd5 Qc6 15. Nb4 Qc7 16. Rd8+ Qxd8 17. Bxd8 Kxd8 18. Qf3 Nc6 19. Nxc6+ bxc6 20. Ne2 Ke7 21. Ng3 Nd4 22. Qg4 g6 23. b4 Bb6 24. c3 Nf5 25. Qg5+ Kf8 26. h5 Bxf2 27. Qf6 Rg8 28. hxg6 Rxg6 29. Rh8+ Rg8 30. Nxf5 exf5 31. e6 1-0

[Event "Quebec op"]
[Site "Montreal CAN"]
[Date "1999.07.25"]
[Round "2"]
[White "Roy, Guy"]
[Black "Reeve, Jeff"]
[Result "1/2-1/2"]
[WhiteElo "2095"]
[BlackElo "2264"]
[PlyCount "75"]
[GameId "2160767911742803"]
[EventDate "1999.07.24"]
[EventType "swiss"]
[EventRounds "9"]
[EventCountry "CAN"]

1. e4 c5 2. Nf3 d6 3. d4 cxd4 4. Nxd4 Nf6 5. Nc3 g6 6. Be2 Bg7 7. Be3 Nc6 8. Qd2 O-O 9. h4 d5 10. exd5 Nxd5 11. Nxd5 Nxd4 12. Bxd4 Qxd5 13. Bxg7 Qxd2+ 14. Kxd2 Kxg7 15. Rae1 Be6 16. Bf3 Rad8+ 17. Kc1 b6 18. Re3 Rd6 19. h5 f5 20. hxg6 hxg6 21. Rhe1 Kf6 22. Rh1 Rfd8 23. a3 Bd5 24. Rd1 Bxf3 25. Rxd6+ Rxd6 26. Rxf3 g5 27. Rd3 Rxd3 28. cxd3 Ke5 29. Kd1 Kd4 30. Kc2 g4 31. Kd2 b5 32. Ke2 e5 33. Kd2 e4 34. dxe4 Kxe4 35. Ke2 f4 36. Kd2 Kd4 37. Kc2 a5 38. Kd2 1/2-1/2

[Event "Quebec op"]
[Site "Montreal CAN"]
[Date "1999.07.25"]
[Round "2"]
[White "Safranska, Anda"]
[Black "Prahov, Valentin"]
[Result "1-0"]
[WhiteElo "2267"]
[BlackElo "2221"]
[PlyCount "105"]
[GameId "2160767911742804"]
[EventDate "1999.07.24"]
[EventType "swiss"]
[EventRounds "9"]
[EventCountry "CAN"]

1. e4 c5 2. Nf3 Nc6 3. Bb5 g6 4. Bxc6 bxc6 5. O-O Nf6 6. Re1 Bg7 7. d3 O-O 8. h3 Rb8 9. c3 d6 10. Nbd2 e5 11. Nc4 Nh5 12. d4 cxd4 13. cxd4 exd4 14. Nxd4 Qc7 15. Nf5 Bxf5 16. exf5 d5 17. Ne3 Bxb2 18. Bxb2 Rxb2 19. Qc1 Rb7 20. Ng4 f6 21. Qc2 Nf4 22. g3 Nxh3+ 23. Kg2 Nf4+ 24. gxf4 Qxf4 25. Ne3 Rg7 26. Qxc6 gxf5+ 27. Kf1 d4 28. Qd5+ Kh8 29. Nxf5 Rg5 30. Qd6 Qxd6 31. Nxd6 Rd5 32. Ne4 f5 33. Ng5 f4 34. Nf3 d3 35. Rad1 Kg7 36. Re5 Rd7 37. Re4 Rf5 38. Ne1 d2 39. Nf3 Rd3 40. Ke2 Ra3 41. Rxd2 Rfa5 42. Re7+ Kf6 43. Rxh7 Rxa2 44. Rh6+ Kf5 45. Rh5+ Kg4 46. Rg5+ Kh3 47. Rg7 R5a3 48. Ng1+ Kh4 49. Rxa2 Rxa2+ 50. Kf3 a5 51. Ne2 a4 52. Nxf4 a3 53. Rg4# 1-0

[Event "Quebec op"]
[Site "Montreal CAN"]
[Date "1999.07.25"]
[Round "2"]
[White "Sakr, Nassim"]
[Black "Fillion, Steve"]
[Result "1/2-1/2"]
[WhiteElo "2201"]
[BlackElo "2075"]
[PlyCount "64"]
[GameId "2160767911742805"]
[EventDate "1999.07.24"]
[EventType "swiss"]
[EventRounds "9"]
[EventCountry "CAN"]

1. e4 e6 2. d4 d5 3. exd5 exd5 4. Bd3 Bd6 5. Nf3 Ne7 6. O-O O-O 7. Bg5 f6 8. Bd2 Bf5 9. Bxf5 Nxf5 10. Nc3 c6 11. a3 Na6 12. Ne2 Nc7 13. Bb4 a5 14. Bxd6 Nxd6 15. Ne1 a4 16. Nd3 Nc4 17. Ng3 g6 18. Re1 Re8 19. Qg4 Qc8 20. Qf4 Qd8 21. Rxe8+ Nxe8 22. Re1 b6 23. h4 Qd7 24. Qf3 Qf7 25. h5 Ng7 26. hxg6 hxg6 27. Qg4 Re8 28. Rxe8+ Qxe8 29. Qf3 f5 30. Qf4 Ne6 31. Qh4 Kg7 32. c3 Qd8 1/2-1/2

[Event "Quebec op"]
[Site "Montreal CAN"]
[Date "1999.07.25"]
[Round "2"]
[White "Schleifer, Michael"]
[Black "Lazarev, Vladimir"]
[Result "0-1"]
[WhiteElo "2432"]
[BlackElo "2501"]
[PlyCount "150"]
[GameId "2160767911742806"]
[EventDate "1999.07.24"]
[EventType "swiss"]
[EventRounds "9"]
[EventCountry "CAN"]

1. d4 Nf6 2. Nf3 c5 3. d5 d6 4. Nc3 g6 5. e4 Bg7 6. Bb5+ Bd7 7. Be2 O-O 8. a4 e6 9. Nd2 exd5 10. exd5 Na6 11. Nc4 Nb4 12. O-O Bf5 13. Ne3 Bc8 14. Nb5 Ne8 15. c3 Na6 16. Re1 Nac7 17. Nxc7 Qxc7 18. Bf1 b6 19. Nc4 Bb7 20. Bf4 Rd8 21. Qf3 h6 22. h3 Rd7 23. Rad1 Qd8 24. Na3 a6 25. Nc4 Nf6 26. g4 Re8 27. Rxe8+ Nxe8 28. Bg3 b5 29. axb5 axb5 30. Na3 b4 31. cxb4 cxb4 32. Nc4 Qc7 33. Bf4 Re7 34. Rc1 Qd8 35. g5 h5 36. Rd1 Rc7 37. h4 Rc5 38. Be3 Rc8 39. b3 Qe7 40. Bf4 Qd8 41. Qg3 Rc5 42. Bg2 Ba6 43. Bf1 Bb7 44. Bg2 Bf8 45. Be3 Rb5 46. Bf4 Rc5 47. Bd2 Rb5 48. Qd3 Nc7 49. Ne3 Ba6 50. Qe4 Qb8 51. Bf1 Rb7 52. Nc4 Rb5 53. Be1 Rc5 54. Ne3 Bxf1 55. Kxf1 Qb5+ 56. Kg2 Na6 57. Nc2 Rc8 58. Nd4 Qd7 59. Nc6 Re8 60. Qf3 Nc5 61. Bxb4 Nxb3 62. Rd3 Nc5 63. Rd4 Na6 64. Bc3 Bg7 65. Ra4 Nc5 66. Ra7 Qg4+ 67. Qxg4 hxg4 68. Bb4 Ne4 69. f3 gxf3+ 70. Kxf3 Bf8 71. Ra2 Nc5 72. Bxc5 dxc5 73. Rd2 Bd6 74. Na5 Rb8 75. Nc4 Rb3+ 0-1

[Event "Quebec op"]
[Site "Montreal CAN"]
[Date "1999.07.25"]
[Round "2"]
[White "Strassmann, Swantje"]
[Black "Ghannoum, Marc"]
[Result "1-0"]
[WhiteElo "2116"]
[BlackElo "2180"]
[PlyCount "67"]
[GameId "2160767911742807"]
[EventDate "1999.07.24"]
[EventType "swiss"]
[EventRounds "9"]
[EventCountry "CAN"]
[SourceTitle "EXT 2000"]
[Source "ChessBase"]
[SourceDate "1999.11.18"]
[SourceVersion "1"]
[SourceVersionDate "1999.11.18"]
[SourceQuality "1"]

1. e4 e5 2. Bc4 Nf6 3. d3 c6 4. Nf3 d5 5. Bb3 Bd6 6. Nc3 d4 7. Ne2 Nbd7 8. c3 c5 9. a4 Nf8 10. Ng3 Ne6 11. Nf5 g6 12. Nxd6+ Qxd6 13. O-O Bd7 14. Ng5 Nh5 15. g3 Nxg5 16. Bxg5 f6 17. Bh6 O-O-O 18. Bd5 Be6 19. c4 Bxd5 20. cxd5 f5 21. f3 Rd7 22. Qc2 Rc7 23. Rfc1 Nf6 24. a5 Rg8 25. Bg5 Ne8 26. Ra4 h5 27. Rc4 b6 28. axb6 axb6 29. Qa4 Rb7 30. b4 Qc7 31. bxc5 b5 32. Qa8+ Rb8 33. Qa6+ Kd7 34. Qe6# 1-0

[Event "Quebec op"]
[Site "Montreal CAN"]
[Date "1999.07.25"]
[Round "2"]
[White "Zugic, Igor"]
[Black "Letourneau, Martin"]
[Result "1-0"]
[WhiteElo "2405"]
[BlackElo "2188"]
[PlyCount "65"]
[GameId "2160767911742808"]
[EventDate "1999.07.24"]
[EventType "swiss"]
[EventRounds "9"]
[EventCountry "CAN"]

1. d4 d5 2. c4 e6 3. Nc3 Nf6 4. cxd5 exd5 5. Bg5 Be7 6. e3 O-O 7. Qc2 h6 8. Bh4 Re8 9. Bd3 c6 10. Nge2 Ne4 11. Bg3 Bb4 12. O-O-O Qa5 13. Kb1 Bxc3 14. Nxc3 Na6 15. Nxe4 dxe4 16. Bc4 Be6 17. Bxe6 Rxe6 18. Qb3 Qb4 19. Qc3 Rd8 20. a3 Qb5 21. Bf4 Rd5 22. f3 f5 23. fxe4 fxe4 24. g4 Qa4 25. Rd2 Qa5 26. Qxa5 Rxa5 27. Rf1 Rd5 28. Rdf2 Rd7 29. Be5 Nc5 30. Rf8+ Kh7 31. R1f7 Rxf7 32. Rxf7 Nd3 33. Rxg7+ 1-0

[Event "Quebec op"]
[Site "Montreal CAN"]
[Date "1999.07.25"]
[Round "3"]
[White "Baiguildine, Ilias"]
[Black "Chu, Stefanie"]
[Result "1-0"]
[WhiteElo "2331"]
[BlackElo "1859"]
[PlyCount "37"]
[GameId "2160767911742809"]
[EventDate "1999.07.24"]
[EventType "swiss"]
[EventRounds "9"]
[EventCountry "CAN"]

1. e4 c5 2. Nf3 d6 3. d4 cxd4 4. Nxd4 Nf6 5. Nc3 a6 6. Be2 e6 7. O-O Nc6 8. Be3 Be7 9. f4 Qc7 10. Qe1 Nxd4 11. Bxd4 e5 12. fxe5 dxe5 13. Qg3 Qc6 14. Bxe5 Be6 15. Rad1 Rd8 16. Kh1 Bc4 17. Rxd8+ Bxd8 18. Qxg7 Rg8 19. Rxf6 1-0